1949 1174 1209 1775 1067 1644 1150 1466 1802 1501 1459 1946 1310 1523 1839 1815 1776 1217 1930 1989 1205 1913 1417 1206 1574 1376 1733 1894 1777 1737 1909 1402 1540 1670 1611 1467 1290 1173 1759 1927 1087 1366 1624 1862 1676 1016 1149 1268 1038 1159 1596 1466 1006 1593 1018 1098 1823 1926 1724 1848 1385 1985 1283 1224 1190 1971 1009 1673 1076 1781 1786 1201 1343 1054 1914 1468 1766 1834 1705 1370 1441 1682 1779 1466 1621 1951 1126 1014 1277 1538 1971 1490 1457 1786 1382 1057 1497 1273 1093 BCNSPRNW ULIB Ver.6.0+V

เปลี่ยนเป็นภาษาไทย

Change to English
 แสดงรายละเอียดบรรณานุกรม
  กลับหน้าหลัก

Brief Record : Get Marc (ISO 2709) : E-mail record : QR code < ปิดหน้าต่าง
LEADER : 00000nam 2200000uu 4500
001    13399126075
003     ULIB
008    180525s2557||||th 000 0 tha d
020    ^a9786165112178
060 04 ^aWB537^bม139น
100 0  ^aมณีวรรณ เจีย
245 10 ^aนวดไทย "การนวดไทยแผนโบราณ" /^cเขียนโดย มณีวรรณ เจีย และ แม็กซ์ เจีย ; แปลโดย พงศ์สวาท นิยมค้า
250    ^aพิมพ์ครั้งที่ 6
260    ^aกรุงเทพฯ :^bดวงกมลพับลิชชิ่ง,^c2557.
300    ^axxii,112 หน้า :^bภาพประกอบสี ;^c21 ซม.
650  7 ^aการนวด
650  7 ^aการนวด^zไทย
650  7 ^aการบำบัดด้วยการนวด
700 0  ^aแม็กซ์ เจีย,^eเขียน
700 0  ^aพงศ์สวาท นิยมค้า,^eผู้แปล
945    ^p235^l0^i004030
945    ^p235^l0^i004031
945    ^p235^l0^i004032
945    ^p235^l0^i004034
945    ^p235^l0^i004035
945    ^p235^l0^i004036
945    ^p235^l0^i004037
945    ^p235^l0^i004038
945    ^p235^l0^i004039
945    ^p235^l0^i004040
999    ^aประนอม เกษจรัล
รายการนี้ยังไม่มีแท็ก
คุณยังไม่ได้ล็อกอิน คุณสามารถมีกิจกรรมร่วมกับเว็บไซต์ได้ แต่ต้องล็อกอินก่อน ::
  ล็อกอิน

รายการสื่อสารสนเทศ

ลำดับที่ ประเภท เลขเรียก/บาร์โค้ด สถานที่ สถานะ
1. หนังสือสำรอง
หนังสือสำรอง
สถานะ=หนังสือเก่า
WB537 ม139น ฉ.1 
  Barcode: 004030
ห้องสมุดวิทยาเขตสวรรค์ประชารักษ์
►ส่วนจัดเก็บหนังสือเก่า สปร
บนชั้น
  ขอยืม
2. วิทยาศาสตร์การแพทย์ และสุขภาพ
วิทยาศาสตร์การแพทย์ และสุขภาพ
สถานะ=หนังสือเก่า
WB537 ม139น ฉ.10 
  Barcode: 004040
ห้องสมุดวิทยาเขตสวรรค์ประชารักษ์
►ส่วนจัดเก็บหนังสือเก่า สปร
บนชั้น
  ขอยืม
3. วิทยาศาสตร์การแพทย์ และสุขภาพ
วิทยาศาสตร์การแพทย์ และสุขภาพ
สถานะ=หนังสือเก่า
WB537 ม139น ฉ.2 
  Barcode: 004031
ห้องสมุดวิทยาเขตสวรรค์ประชารักษ์
►ส่วนจัดเก็บหนังสือเก่า สปร
บนชั้น
  ขอยืม
4. วิทยาศาสตร์การแพทย์ และสุขภาพ
วิทยาศาสตร์การแพทย์ และสุขภาพ
สถานะ=หนังสือเก่า
WB537 ม139น ฉ.3 
  Barcode: 004032
ห้องสมุดวิทยาเขตสวรรค์ประชารักษ์
►ส่วนจัดเก็บหนังสือเก่า สปร
บนชั้น
  ขอยืม
5. วิทยาศาสตร์การแพทย์ และสุขภาพ
วิทยาศาสตร์การแพทย์ และสุขภาพ
สถานะ=หนังสือเก่า
WB537 ม139น ฉ.4 
  Barcode: 004034
ห้องสมุดวิทยาเขตสวรรค์ประชารักษ์
►ส่วนจัดเก็บหนังสือเก่า สปร
บนชั้น
  ขอยืม
6. วิทยาศาสตร์การแพทย์ และสุขภาพ
วิทยาศาสตร์การแพทย์ และสุขภาพ
สถานะ=หนังสือเก่า
WB537 ม139น ฉ.5 
  Barcode: 004035
ห้องสมุดวิทยาเขตสวรรค์ประชารักษ์
►ส่วนจัดเก็บหนังสือเก่า สปร
บนชั้น
  ขอยืม
7. วิทยาศาสตร์การแพทย์ และสุขภาพ
วิทยาศาสตร์การแพทย์ และสุขภาพ
สถานะ=หนังสือเก่า
WB537 ม139น ฉ.6 
  Barcode: 004036
ห้องสมุดวิทยาเขตสวรรค์ประชารักษ์
►ส่วนจัดเก็บหนังสือเก่า สปร
บนชั้น
  ขอยืม
8. วิทยาศาสตร์การแพทย์ และสุขภาพ
วิทยาศาสตร์การแพทย์ และสุขภาพ
สถานะ=หนังสือเก่า
WB537 ม139น ฉ.7 
  Barcode: 004037
ห้องสมุดวิทยาเขตสวรรค์ประชารักษ์
►ส่วนจัดเก็บหนังสือเก่า สปร
บนชั้น
  ขอยืม
9. วิทยาศาสตร์การแพทย์ และสุขภาพ
วิทยาศาสตร์การแพทย์ และสุขภาพ
สถานะ=หนังสือเก่า
WB537 ม139น ฉ.8 
  Barcode: 004038
ห้องสมุดวิทยาเขตสวรรค์ประชารักษ์
►ส่วนจัดเก็บหนังสือเก่า สปร
บนชั้น
  ขอยืม
10. วิทยาศาสตร์การแพทย์ และสุขภาพ
วิทยาศาสตร์การแพทย์ และสุขภาพ
สถานะ=หายและจ่ายแล้ว
WB537 ม139น ฉ.9 
  Barcode: 004039
ห้องสมุดวิทยาเขตสวรรค์ประชารักษ์
►ส่วนจัดเก็บหนังสือเก่า สปร
บนชั้น
  ขอยืม

รายการใกล้เคียง
    ผู้แต่ง [มณีวรรณ เจีย]

    หัวเรื่อง [การนวด]
    หัวเรื่อง [การบำบัดด้วยการนวด]

BibComment


ยังไม่เคยถูกคอมเมนท์

คอมเมนท์ทรัพยากรรายการนี้
  คอมเมนท์: นวดไทย การนวดไทย..


 Copyright 2026. Bcnsprnw @Library